Tendencias de la investigación sobre derecho consuetudinario en Guatemala /
Guardado en:
| Autor principal: | |
|---|---|
| Formato: | Texto |
| Materias: | |
| Etiquetas: |
Agregar Etiqueta
Sin Etiquetas, Sea el primero en etiquetar este registro!
|
MARC
| LEADER | 00000 a a2200000 04500 | ||
|---|---|---|---|
| 001 | 45490 | ||
| 003 | |||
| 040 | |a CRAI/IIS |c CRAI/IIS | ||
| 090 | |a REV0780 (40)2002 | ||
| 100 | |a Ochoa García, Carlos | ||
| 245 | |a Tendencias de la investigación sobre derecho consuetudinario en Guatemala / |c Carlos Ochoa García | ||
| 650 | |a GOBIERNO | ||
| 650 | |a GUERRA CIVIL | ||
| 650 | |a REFORMA AGRARIA | ||
| 650 | |a SEGURIDAD SOCIAL | ||
| 773 | |g número40, V Epoca (2002), páginas 118-131 | ||
| 999 | |c 18183 |d 18183 | ||
